Esperanza renace / (Record no. 142885)

MARC details
000 -CABECERA
campo de control de longitud fija 00781cam a22002534a 4500
003 - IDENTIFICADOR DEL NÚMERO DE CONTROL
campo de control UPN
005 - FECHA Y HORA DE LA ÚLTIMA TRANSACCIÓN
campo de control 20220809104527.0
008 - ELEMENTOS DE LONGITUD FIJA--INFORMACIÓN GENERAL
campo de control de longitud fija 090211s2002 nyua r 000 f spa d
020 ## - NÚMERO INTERNACIONAL NORMALIZADO PARA LIBROS
Número Internacional Estándar del Libro 0439398851
035 ## - NÚMERO DE CONTROL DEL SISTEMA
Número de control de sistema UPN01000170780
040 ## - FUENTE DE LA CATALOGACIÓN
Centro catalogador/agencia de origen UPN
Lengua de catalogación spa
Centro/agencia transcriptor UPN
049 ## - COLECCIÓN
Colección CG
050 #4 - SIGNATURA TOPOGRÁFICA DE LA BIBLIOTECA DEL CONGRESO
Número de clasificación PS3568 Y2.5
Número de documento/Ítem E7.6
100 1# - ASIENTO PRINCIPAL--NOMBRE PERSONAL
Nombre de persona Ryan, Pam Muñoz,
Fechas asociadas al nombre 1951-
9 (RLIN) 30886
245 10 - MENCIÓN DE TÍTULO
Título Esperanza renace /
Mención de responsabilidad, etc. Pam Muñoz Ryan ; tr. Nuria Molinero.
260 ## - PUBLICACIÓN, DISTRIBUCIÓN, ETC.
Lugar de publicación, distribución, etc. New York :
Nombre del editor, distribuidor, etc. Scholastic,
Fecha de publicación, distribución, etc. 2002.
300 ## - DESCRIPCIÓN FÍSICA
Extensión 266 p. :
Otras características físicas il.
534 ## - NOTA SOBRE LA VERSIÓN ORIGINAL
Frase introductoria Título original:
Mención de título del original Esperanza rising
650 #4 - ASIENTO SECUNDARIO DE MATERIA - TERMINO TEMATICO
Término de materia o nombre geográfico como elemento de entrada Mexicoamericanos
Subdivisión de forma Novela juvenil
9 (RLIN) 13831
650 #4 - ASIENTO SECUNDARIO DE MATERIA - TERMINO TEMATICO
Término de materia o nombre geográfico como elemento de entrada Trabajadores agrícolas
Subdivisión de forma Novela juvenil
9 (RLIN) 13829
651 #4 - ASIENTO SECUNDARIO DE MATERIA - NOMBRE GEOGRAFICO
Nombre geográfico California, Estados Unidos
Subdivisión de forma Novela juvenil
9 (RLIN) 13830
905 ## - TIPO DE MATERIAL
Tipo de material Libro
942 ## - ELEMENTOS DE PUNTO DE ACCESO ADICIONAL (KOHA)
Fuente del sistema de clasificación o colocación Library of Congress Classification
Tipo de ítem Koha Libro
Holdings
Estado de retiro Estado de pérdida Fuente del sistema de clasificación o colocación Estado dañado No para préstamo Código de colección Localización permanente Ubicación/localización actual Ubicación en estantería Fecha de adquisición Total de préstamos Clasificación Código de barras Fecha visto por última vez Tipo de ítem Koha Número de copia Precio válido a partir de
    Library of Congress Classification     Colección General Bib. Gregorio Torres Quintero Bib. Gregorio Torres Quintero Planta baja 01/04/2022 1 PS3568 Y2.5 E7.6 257833 31/12/2020 Libro    
    Library of Congress Classification     Colección General Bib. Gregorio Torres Quintero Bib. Gregorio Torres Quintero Planta baja 03/08/2022   PS3568 Y2.5 E7.6 AP474 03/08/2022 Libro Ej.2 03/08/2022